Statistics for Popular Foods of America

Click here to take the quiz!

General Stats

  • This quiz has been taken 211 times
  • The average score is 5 of 10

Answer Stats

ClueFood% Correct
Often served during ThanksgivingTurkey
99%
Cheese, Sausage, Pepperoni, Mushrooms, Onions.....Pizza
83%
A type of burger that s served in Fast Food restaurants oftenCheeseburger
82%
Can have M&M's, often Chocolate Chips, Raisins, and Santa eats them. (Not Trail Mix)Cookies
63%
Chips and CheeseNachos
50%
Often served as a lunch in schoolsHot Dogs
25%
A type of steakPhilly Cheese Steak
23%
Often can have peaches and blueberries with itCobbler
21%
This is a steak often served in New YorkDelmonico's Steak
3%
You may be surprised that this food is ranked #3Reuben Sandwich
2%

Score Distribution

Percentile by Number Answered

Percent of People with Each Score

Your Score History

You have not taken this quiz